Dom pútnikov, Praha - interiér
Uložené v:
| Hlavný autor: | |
|---|---|
| Ďalší autori: | |
| Médium: | Rukopis Kniha |
| Jazyk: | Slovak |
| Vydavateľské údaje: |
Bratislava
2015
|
| Predmet: | |
| On-line prístup: | http://is.stuba.sk/zp/portal_zp.pl?podrobnosti=112119 |
| Tagy: |
Žiadne tagy, Buďte prvý, kto otaguje tento záznam!
|
MARC
| LEADER | 00000ntm a22000003a 4500 | ||
|---|---|---|---|
| 001 | stuzp52362 | ||
| 003 | SK-STU | ||
| 005 | 20210309093427.5 | ||
| 007 | ta | ||
| 008 | 150427s2015----xo-----f-mn---000-0-slo-d | ||
| 040 | |a STU |b slo | ||
| 041 | 0 | |a slo | |
| 100 | 1 | |a Ťapušková, Barbora, |d 1990- |u 055150 |4 aut |U FAD Fakulta architektúry a dizajnu |U FAD Fakulta architektúry |T FA Ústav interiéru a výstavníctva |X 68287 |U A5150 |Y 396 |7 A000068287 | |
| 242 | 0 | 1 | |a House of pilgrims, Prague - interior |y eng |
| 245 | 1 | 0 | |a Dom pútnikov, Praha - interiér |
| 260 | |c 2015 |a Bratislava | ||
| 650 | 4 | |a modlitebňa |2 slo | |
| 650 | 4 | |a pútnik |2 slo | |
| 650 | 4 | |a kaviareň |2 slo | |
| 650 | 4 | |a prayer space |2 eng | |
| 650 | 4 | |a coffee-bar |2 eng | |
| 650 | 4 | |a pilgrim |2 eng | |
| 700 | 1 | |a Vinárčiková, Jana, |d 1961- |4 ths |X 413 |7 A000000413 | |
| 856 | 4 | |u http://is.stuba.sk/zp/portal_zp.pl?podrobnosti=112119 |u https://opac.crzp.sk/?fn=detailBiblioForm&sid=D6D76FDBEB5D0472DB7CCDD57304 | |
| SQL | |a stuzp52362 |b DDP |c SLO |d Dom pútnikov, Praha - interiér |e 68287 |f Ťapušková, Barbora |g 055150 |h 413 |i Vinárčiková, Jana |j 20150604 |k 153 |l 05 |m http://is.stuba.sk/zp/portal_zp.pl?podrobnosti=112119 |n I-ARCH |o 5.1.1. architektúra a urbanizmus | ||